[Event "Piacenza Region-ch"]
[Site "Piacenza"]
[Date "2023.01.14"]
[Round "3"]
[White "Pernigotti, Jacopo"]
[Black "Carrai, Giacomo"]
[Result "1-0"]
[WhiteElo "1405"]
[BlackElo "1634"]
[PlyCount "85"]
[EventDate "2023.01.13"]
[EventType "swiss"]
[EventRounds "5"]
[EventCountry "ITA"]
[SourceTitle "CBM 212 Extra"]
[Source "ChessBase"]
[SourceDate "2023.03.31"]
[SourceVersion "1"]
[SourceVersionDate "2023.03.31"]
[SourceQuality "1"]

1. d4 Nf6 2. Bf4 d6 3. e3 g6 4. c3 Bg7 5. Nd2 0-0 6. Ngf3 Nc6 7. Bc4 Nd7 8. Bg3 e5 9. d5 Ne7 10. e4 f5 11. Bh4 h6 12. exf5 g5 13. Bxg5 hxg5 14. Nxg5 Nf6 15. g4 b6 16. h4 Nh7 17. Nde4 Nf6 18. f3 Bd7 19. h5 Bh6 20. Nxf6+ Rxf6 21. Ne4 Rf8 22. f6 Nc8 23. Qd3 Bf4 24. Bb5 Bxb5 25. Qxb5 Qe8 26. Qd3 a6 27. g5 Qb5 28. Qc2 Qxd5 29. g6 Bh6 30. Qg2 Qd3 31. g7 Qe3+ 32. Kf1 Rf7 33. Re1 Qf4 34. Rh3 d5 35. Rd1 c6 36. c4 Na7 37. cxd5 Rd8 38. d6 Rdd7 39. Rg3 Nb5 40. Rg4 Qf5 41. Rg3 Nd4 42. Qh3 Nc2 43. Qxf5 1-0

[Event "Lodi Weekend Wasken Boys 2nd"]
[Site "Lodi"]
[Date "2014.06.06"]
[Round "1"]
[White "Marchesotti, Giovanni"]
[Black "Carrai, Giacomo"]
[Result "0-1"]
[WhiteElo "1532"]
[BlackElo "1760"]
[PlyCount "62"]
[EventDate "2014.06.06"]
[EventType "swiss"]
[EventRounds "5"]
[EventCountry "ITA"]
[SourceTitle "EXT 2024"]
[Source "ChessBase"]
[SourceDate "2023.10.10"]
[SourceVersion "1"]
[SourceVersionDate "2023.10.10"]
[SourceQuality "1"]

1. Nf3 Nf6 2. g3 b6 3. Bg2 Bb7 4. 0-0 c5 5. c4 e6 6. d3 Be7 7. Nbd2 d6 8. a3 0-0 9. b3 Nc6 10. Bb2 e5 11. e3 Re8 12. Qc2 Qc7 13. Rad1 Nd7 14. Nb1 Nf6 15. Nc3 a6 16. d4 Bf8 17. dxc5 bxc5 18. Nd5 Nxd5 19. cxd5 Ne7 20. Ng5 Ng6 21. f4 Qe7 22. fxe5 Qxg5 23. exd6 Bxd6 24. Bc1 Qe5 25. Rf5 Qe7 26. Rdf1 f6 27. Rh5 Nf8 28. e4 Bc8 29. Bh3 Bxh3 30. Rxh3 Qxe4 31. Qf2 Qd4 0-1

[Event "Codogno op-A 4th"]
[Site "Codogno"]
[Date "2012.09.22"]
[Round "3"]
[White "Carrai, Giacomo"]
[Black "Tagliaferri, Valerio"]
[Result "1/2-1/2"]
[WhiteElo "1827"]
[BlackElo "1807"]
[PlyCount "79"]
[EventDate "2012.09.21"]
[EventType "swiss"]
[EventRounds "5"]
[EventCountry "ITA"]
[SourceTitle "EXT 2016"]
[Source "ChessBase"]
[SourceDate "2015.10.08"]
[SourceVersion "1"]
[SourceVersionDate "2015.10.08"]
[SourceQuality "1"]

1. d4 Nf6 2. c4 e6 3. Nf3 c5 4. d5 exd5 5. cxd5 d6 6. Nc3 g6 7. Nd2 Bg7 8. e4 0-0 9. Be2 Na6 10. 0-0 Nc7 11. Qc2 Bd7 12. a4 a6 13. Nc4 Bg4 14. f3 Bc8 15. a5 Nfe8 16. Be3 Rb8 17. Qd2 Bd7 18. Nb6 Bb5 19. Nc4 Qe7 20. Bh6 Bxc4 21. Bxc4 Qh4 22. Bxg7 Kxg7 23. Bd3 Nf6 24. Rab1 b5 25. axb6 Rxb6 26. Na4 Rb4 27. b3 Nd7 28. Qc3+ Qf6 29. Qxf6+ Kxf6 30. f4 Rfb8 31. Bc4 Ke7 32. Rbe1 f6 33. Re3 Nb5 34. Nb2 Nd4 35. Nd3 R4b6 36. e5 f5 37. exd6+ Kxd6 38. Ne5 Nf6 39. Nf7+ Kd7 40. Ne5+ 1/2-1/2

[Event "Imperia op-B 51st"]
[Site "Imperia"]
[Date "2009.08.30"]
[Round "1"]
[White "Tripaglia, Demo"]
[Black "Carrai, Giacomo"]
[Result "0-1"]
[WhiteElo "1604"]
[BlackElo "1816"]
[PlyCount "56"]
[EventDate "2009.08.30"]
[EventType "swiss"]
[EventRounds "9"]
[EventCountry "ITA"]
[SourceTitle "EXT 2011"]
[Source "ChessBase"]
[SourceDate "2010.11.26"]
[SourceVersion "1"]
[SourceVersionDate "2010.11.26"]
[SourceQuality "1"]

1. d4 Nf6 2. e3 g6 3. c4 Bg7 4. Bd3 0-0 5. Nf3 d5 6. Nc3 c6 7. 0-0 Nbd7 8. b3 a6 9. Re1 b5 10. c5 Re8 11. e4 dxe4 12. Nxe4 Nd5 13. Bb2 f5 14. Rb1 fxe4 15. Bxe4 N7f6 16. Bc2 Bg4 17. h3 Bxf3 18. Qxf3 Qc7 19. a3 Rf8 20. Qe2 Qd7 21. b4 a5 22. Bb3 Kh8 23. Bxd5 Nxd5 24. Rbd1 axb4 25. axb4 Qf5 26. Bc1 Nc3 27. Qd3 Nxd1 28. Qxd1 Qxf2+ 0-1